000 01165nam a22002897a 4500
005 20120517113021.0
008 120517t xxu||||| |||| 00| 0 eng d
010 _aENG-105299
020 _a9788124605738
_c700.00
020 _a8124605734
_c700.00
035 _aEN-88832
037 _bDBAD/PUB
040 _aDPL
_bEng
082 _a270
100 _aChoughley, Abdul Kader
_947159
245 _aIslamic resurgence :
_cby Abdul Kader Choughley
_bSayyid Abul Ḥasan ’Ali Nadwī and his contemporaries /
260 _aNew Delhi
_bD.K. Printworld
_c2011
270 _a'Srikunj', F-52, Bali Nagar, Ramesh Nagar Metro Station
_bNew Delhi
_e110015
300 _axii, 299 p.
_c23cm(Hb)
490 _aIslamic heritage in cross-cultural perspectives ; no. 6
_948312
500 _aIncludes bibliographical references (p. [287]-296) and index.
600 _aNadvī, Abulḥasan ʻAlī
_d1913-
_947254
_x Contemporaries.
650 _aIslam
_y20th century.
_947255
700 _947196
942 _2ddc
_cEN
_mCHO
_h270
999 _c66783
_d66783